[Event "ICS rated blitz match"]
[Site "204.178.125.65"]
[Date "2000.05.05"]
[Round "?"]
[White "Hossa"]
[Black "PostModernist"]
[Result "1/2-1/2"]
[WhiteElo "2467"]
[BlackElo "2679"]
[PlyCount "233"]
[EventDate "2000.??.??"]

1. e4 c6 2. d4 d5 3. Nc3 dxe4 4. Nxe4 Nd7 5. Ng5 Nb6 6. Bd3 g6 7. N1f3 Bg7 8.
O-O Nh6 9. c3 O-O 10. Ne4 Nf5 11. Ne5 Bxe5 12. dxe5 Qd5 13. Bf4 Nc4 14. Bxc4
Qxe4 15. Qa4 Be6 16. Bb3 Qxa4 17. Bxa4 Rad8 18. Rfd1 f6 19. Bc2 g5 20. Bxf5
Bxf5 21. Be3 b6 22. a4 Bc2 23. Rxd8 Rxd8 24. a5 c5 25. b4 cxb4 26. cxb4 bxa5
27. bxa5 a6 28. Bc5 Kf7 29. Rc1 Bf5 30. exf6 exf6 31. Bb6 Rd5 32. f4 h6 33.
fxg5 hxg5 34. Bc5 Rd2 35. Re1 Be6 36. Bb4 Rb2 37. Bc3 Rc2 38. Re3 Bd5 39. g3
Rg2+ 40. Kf1 Rxh2 41. Rd3 Bc4 42. Kg1 Rc2 43. Re3 f5 44. Bb4 Kg6 45. Rc3 Rxc3
46. Bxc3 f4 47. Kf2 Kf5 48. gxf4 gxf4 49. Bb2 Bb5 50. Kf3 Be8 51. Ba3 Bh5+ 52.
Kf2 Ke4 53. Bd6 f3 54. Bc5 Be8 55. Bd6 Bc6 56. Bb4 Bd5 57. Ke1 Kd3 58. Kf2 Bb7
59. Bf8 Ke4 60. Bh6 Bd5 61. Bf8 Be6 62. Bd6 Bh3 63. Ke1 Kd4 64. Kf2 Bg4 65. Bb8
Ke4 66. Bg3 Bf5 67. Bc7 Bd7 68. Bb6 Be6 69. Ke1 Kd3 70. Kf2 Bd5 71. Bc5 Be4 72.
Be3 Bb7 73. Bg5 Bc6 74. Be7 Be4 75. Ba3 Ba8 76. Bd6 Ke4 77. Be7 Kd4 78. Bf6+
Kd3 79. Bg5 Bd5 80. Bh6 Kd4 81. Bg7+ Kc4 82. Be5 Kd3 83. Bg7 Bc6 84. Ke1 Bb5
85. Bf8 Bd7 86. Bc5 Bg4 87. Kf2 Ke4 88. Bb4 Bf5 89. Bd2 Bd7 90. Ke1 Bc6 91. Kf1
Bb5+ 92. Kf2 Be2 93. Bg5 Bc4 94. Bd2 Bd3 95. Be3 Bf1 96. Kxf1 Kxe3 97. Ke1 Kd3
98. Kf2 Kc3 99. Kxf3 Kb4 100. Ke4 Kxa5 101. Kd3 Kb4 102. Kc2 Ka3 103. Kb1 a5
104. Ka1 a4 105. Kb1 Kb3 106. Ka1 a3 107. Kb1 Kb4 108. Ka2 Ka4 109. Ka1 Kb5
110. Ka2 Kb4 111. Ka1 Ka5 112. Ka2 Ka4 113. Ka1 Kb4 114. Ka2 Kb5 115. Ka1 Ka5
116. Ka2 Ka4 117. Ka1 1/2-1/2

[Event "ICS rated blitz match"]
[Site "204.178.125.65"]
[Date "2000.05.05"]
[Round "?"]
[White "PostModernist"]
[Black "Hossa"]
[Result "1/2-1/2"]
[WhiteElo "2670"]
[BlackElo "2476"]
[PlyCount "153"]
[EventDate "2000.??.??"]

1. e4 e5 2. d4 exd4 3. c3 dxc3 4. Bc4 cxb2 5. Bxb2 d5 6. Bxd5 Nf6 7. Bxf7+ Kxf7
8. Qxd8 Bb4+ 9. Qd2 Bxd2+ 10. Nxd2 Re8 11. Ngf3 Nc6 12. O-O Bg4 13. e5 Nd5 14.
Rfd1 Nf4 15. h3 Bh5 16. g3 Nd3 17. g4 Bg6 18. Bc3 Kg8 19. Nb3 Rf8 20. Nbd2 Rf7
21. e6 Re7 22. Nh4 Rxe6 23. Nxg6 Rxg6 24. Ne4 Nf4 25. Kh2 Rh6 26. Ng5 Ne2 27.
Bb2 Rf8 28. Kg2 Nf4+ 29. Kg3 Rd6 30. Ba3 Rxd1 31. Rxd1 Ne2+ 32. Kg2 Rd8 33.
Rxd8+ Nxd8 34. Bb2 Nf4+ 35. Kf3 Nd3 36. Bc3 c5 37. Ke3 c4 38. Ne4 b5 39. Nd6 a6
40. h4 Ne6 41. f3 Nef4 42. Nf5 g6 43. Nh6+ Kf8 44. Ke4 Ke7 45. Bd2 Ne2 46. f4
Ng3+ 47. Kf3 Nf1 48. Ba5 b4 49. Ke2 Kd7 50. f5 Ng3+ 51. Ke3 gxf5 52. gxf5 Nf1+
53. Kd4 Nd2 54. f6 b3 55. axb3 Nxb3+ 56. Kxc4 Nxa5+ 57. Kxd3 Ke6 58. f7 Ke7 59.
Kd4 Nb7 60. Kc4 Nd6+ 61. Kc5 Nxf7 62. Ng4 Nd6 63. Kb6 Nc4+ 64. Kxa6 Ke6 65. Nh2
Kf5 66. Kb5 Ne3 67. Nf3 Kg4 68. Ng5 h6 69. Kc5 Kxh4 70. Ne4 Ng4 71. Kd5 h5 72.
Ke6 Kh3 73. Kf5 Nh2 74. Nf2+ Kh4 75. Ne4 Nf3 76. Nf6 Kh3 77. Nxh5 1/2-1/2

[Event "ICS rated blitz match"]
[Site "204.178.125.65"]
[Date "2000.05.05"]
[Round "?"]
[White "Hossa"]
[Black "QueenMaxima"]
[Result "1-0"]
[WhiteElo "2484"]
[BlackElo "2546"]
[PlyCount "201"]
[EventDate "2000.??.??"]

1. e4 c5 2. Nf3 Nc6 3. d4 cxd4 4. Nxd4 Nf6 5. Nc3 e5 6. Ndb5 d6 7. Bg5 a6 8.
Na3 b5 9. Bxf6 gxf6 10. Nd5 Bg7 11. Bd3 Ne7 12. Nxe7 Qxe7 13. c3 f5 14. O-O O-O
15. Nc2 f4 16. a4 bxa4 17. Rxa4 Qg5 18. Be2 Qg6 19. Nb4 Bh3 20. Bf3 Bd7 21. Nd5
Qg5 22. Ra1 Bb5 23. Re1 Rfd8 24. Nc7 Rab8 25. Nxa6 Bxa6 26. Rxa6 Rxb2 27. Rxd6
Rxd6 28. Qxd6 Bf8 29. Qd7 Qh4 30. Rf1 Qg5 31. c4 Rb3 32. Kh1 Rb2 33. Bg4 Qe7
34. Qxe7 Bxe7 35. Bd7 Bc5 36. Kg1 Rd2 37. Bc6 f6 38. h4 Kf8 39. Bd5 Kg7 40. Bb7
Kg6 41. Bc6 Kh5 42. Bd5 Kxh4 43. Bg8 h6 44. Be6 Rxf2 45. Rxf2 Kg3 46. Bf7 Bxf2+
47. Kf1 Be3 48. Bh5 f5 49. exf5 e4 50. Bg6 Bd4 51. f6 e3 52. f7 Bc5 53. Bh5 Kh4
54. Bf3 Kg5 55. Ke2 Kg6 56. Bd5 h5 57. Kd3 h4 58. Kc3 Ba3 59. Kd3 Bf8 60. Be6
Bc5 61. Kc3 h3 62. Bxh3 Kxf7 63. Bg4 Kf6 64. Kd3 Ke5 65. Bf3 Bb6 66. Bc6 Ba7
67. Bd5 Bc5 68. Bf3 Bb6 69. Bc6 Ba7 70. Bd5 Bc5 71. Bf3 Bd4 72. Ba8 Bb6 73. Bc6
Ba7 74. Bd5 Bc5 75. Bf3 Kf5 76. Ke2 Kg5 77. Kd3 Kh4 78. Ke2 Ba7 79. Ke1 Kg3 80.
Ke2 Bb6 81. Ke1 Bd4 82. Ke2 Ba7 83. Kf1 Bc5 84. Ke2 Be7 85. Ke1 e2 86. Kxe2 Bf8
87. Kd3 Bc5 88. Ke4 Ba7 89. Kd5 Bb8 90. Be4 Kf2 91. c5 Ke3 92. c6 Bc7 93. Bf3
Bb8 94. Ke6 Kd4 95. Kd7 Be5 96. c7 Bxc7 97. Kxc7 Ke5 98. Kd7 Kd4 99. Kd6 Kd3
100. Ke5 Ke3 101. Be4 {QueenMaxima resigns} 1-0

[Event "ICS rated blitz match"]
[Site "204.178.125.65"]
[Date "2000.05.05"]
[Round "?"]
[White "Hossa"]
[Black "Maxim"]
[Result "1-0"]
[WhiteElo "2504"]
[BlackElo "1963"]
[PlyCount "91"]
[EventDate "2000.??.??"]

1. e4 e5 2. Nf3 Nc6 3. Nc3 Bb4 4. a3 Bxc3 5. dxc3 Nf6 6. Bg5 h6 7. Bxf6 Qxf6 8.
Bb5 Ne7 9. b3 c6 10. Bd3 O-O 11. O-O d5 12. h3 Be6 13. Re1 Ng6 14. exd5 Bxd5
15. Nh2 Rae8 16. Ng4 Qg5 17. Bxg6 fxg6 18. Qe2 Bxg2 19. h4 Qxh4 20. Kxg2 h5 21.
Qc4+ Kh8 22. Re4 Qg5 23. Rh1 b5 24. Qxc6 Qf5 25. Rh4 Kg8 26. Qd5+ Rf7 27. Rxe5
Rxe5 28. Qxe5 Qxc2 29. Qe8+ Rf8 30. Qe6+ Rf7 31. Nh6+ gxh6 32. Rf4 Qf5 33. Rxf5
gxf5 34. Qxh6 a5 35. Qxh5 Kf8 36. Qh8+ Ke7 37. Qe5+ Kf8 38. Qxb5 Rg7+ 39. Kf3
Rh7 40. Qxa5 Rh3+ 41. Kf4 Rh2 42. Qxf5+ Ke7 43. Ke5 Rh1 44. Qe6+ Kd8 45. Qd5+
Ke7 46. Qxh1 {Maxim resigns} 1-0

[Event "ICS rated blitz match"]
[Site "204.178.125.65"]
[Date "2000.05.05"]
[Round "?"]
[White "Hossa"]
[Black "flytox"]
[Result "1-0"]
[WhiteElo "2506"]
[BlackElo "2153"]
[PlyCount "107"]
[EventDate "2000.??.??"]

1. e4 e6 2. d4 d5 3. Nc3 Nf6 4. e5 Nfd7 5. f4 c5 6. Nf3 Nc6 7. Be3 a6 8. Qd2 b5
9. O-O-O Bb7 10. Kb1 g6 11. h4 h5 12. dxc5 Bxc5 13. Bxc5 Nxc5 14. Qf2 Qb6 15.
g3 b4 16. Ne2 a5 17. Nc1 Qa7 18. Bb5 Ne4 19. Qxa7 Rxa7 20. Nd4 Kd7 21. Rhg1 Rc8
22. Ba4 Ke7 23. Nf3 Ba6 24. Nd2 Nxd2+ 25. Rxd2 Rac7 26. Bxc6 Rxc6 27. Nb3 a4
28. Nd4 Rc4 29. Rgd1 R8c7 30. Rd3 Rc8 31. Re3 R8c7 32. a3 bxa3 33. Rxa3 Kd7 34.
b3 axb3 35. cxb3 Rxd4 36. Rxd4 Be2 37. b4 Kc8 38. Rd2 Bc4 39. Rc2 Kb7 40. Kc1
Kb6 41. Ra8 Rb7 42. Rd2 Kb5 43. Rb2 Kb6 44. Rb1 Kb5 45. Ra5+ Kb6 46. Rba1 Rc7
47. Kb2 Bb5 48. Ra8 Rb7 49. R1a5 Bd3 50. Ka3 Bc4 51. Rd8 Bb5 52. Raa8 Bc4 53.
Rd6+ Kb5 54. Ra5# {flytox checkmated} 1-0

[Event "ICS rated blitz match"]
[Site "204.178.125.65"]
[Date "2000.05.05"]
[Round "?"]
[White "Hossa"]
[Black "GoZachary"]
[Result "1-0"]
[WhiteElo "2510"]
[BlackElo "2091"]
[PlyCount "25"]
[EventDate "2000.??.??"]

1. e4 e5 2. Nf3 Nc6 3. Nc3 Nf6 4. Nxe5 Nxe5 5. d4 Ng6 6. e5 Ng8 7. Bc4 Bb4 8.
Qf3 Bxc3+ 9. bxc3 f6 10. O-O d5 11. Bxd5 c6 12. Bb3 fxe5 13. Qf7# 1-0

[Event "ICS rated blitz match"]
[Site "204.178.125.65"]
[Date "2000.05.05"]
[Round "?"]
[White "GoZachary"]
[Black "Hossa"]
[Result "0-1"]
[WhiteElo "2088"]
[BlackElo "2513"]
[PlyCount "40"]
[EventDate "2000.??.??"]

1. e4 e5 2. f4 exf4 3. Nf3 g5 4. h4 g4 5. Ne5 Nf6 6. Nxg4 Nxe4 7. d3 Ng3 8. Rg1
Qxh4 9. Bxf4 Nxf1+ 10. Kxf1 d6 11. Qe2+ Be7 12. Bxd6 cxd6 13. Nf2 Nc6 14. Nc3
Nd4 15. Qe4 Qxe4 16. Nfxe4 f5 17. Ng3 Nxc2 18. Rc1 Ne3+ 19. Ke2 f4 20. Nh5 Bg4+
{GoZachary resigns} 0-1

[Event "ICS Rated standard match"]
[Site "204.178.125.65"]
[Date "2000.05.05"]
[Round "?"]
[White "Beadle"]
[Black "Hossa"]
[Result "1/2-1/2"]
[WhiteElo "2519"]
[BlackElo "2366"]
[PlyCount "228"]
[EventDate "2000.??.??"]

1. d4 d5 2. c4 e6 3. Nc3 Nf6 4. Bg5 Be7 5. e3 O-O 6. Nf3 h6 7. Bh4 Ne4 8. Bxe7
Qxe7 9. Rc1 c6 10. Bd3 Nxc3 11. Rxc3 dxc4 12. Bxc4 Nd7 13. O-O e5 14. Qc2 exd4
15. exd4 Nb6 16. Re1 Qf6 17. Bb3 Be6 18. Bxe6 fxe6 19. Rce3 Rae8 20. Ra3 Nc8
21. Ne5 Qd8 22. Re4 Rf5 23. Rg3 Nd6 24. Reg4 Re7 25. Qe2 Nb5 26. Qe3 h5 27. Re4
Qd5 28. Ng6 Re8 29. b3 c5 30. Nf4 cxd4 31. Nxd5 dxe3 32. Nxe3 Rc5 33. Rc4 Rxc4
34. Nxc4 Rd8 35. f4 Rf8 36. Re3 Rxf4 37. Rxe6 Nd4 38. Re8+ Kh7 39. Re7 Rf6 40.
Ne3 Ne2+ 41. Kh1 Nc3 42. g4 hxg4 43. Rxb7 Re6 44. Nxg4 Re1+ 45. Kg2 Re2+ 46.
Kf3 Rxa2 47. h4 a5 48. Nf6+ Kh6 49. Ne8 Kh5 50. Rc7 Ne2 51. Nxg7+ Kxh4 52. Ne6
Ng1+ 53. Kf4 Rf2+ 54. Ke4 Re2+ 55. Kf5 Re3 56. Nc5 Ne2 57. Ra7 Kh3 58. Rxa5
Nd4+ 59. Kf4 Rf3+ 60. Ke4 Nxb3 61. Ra2 Kg4 62. Ne6 Nd4 63. Nxd4 Rf4+ 64. Ke5
Rf7 65. Rg2+ Kh3 66. Rg6 Re7+ 67. Kf4 Rf7+ 68. Nf5 Kh2 69. Ke5 Kh1 70. Nd6 Re7+
71. Kf4 Re2 72. Ne4 Rg2 73. Rh6+ Kg1 74. Rf6 Kh1 75. Rf7 Rg8 76. Kf3 Rg2 77.
Nf6 Kg1 78. Ng4 Rd2 79. Rc7 Rd3+ 80. Ne3 Kh2 81. Rc1 Rb3 82. Rc6 Rd3 83. Rc7
Rb3 84. Rh7+ Kg1 85. Rg7+ Kh1 86. Kf2 Rb2+ 87. Kg3 Rb3 88. Kf3 Rd3 89. Ke4 Rd6
90. Nf5 Re6+ 91. Kd5 Re1 92. Nd6 Rd1+ 93. Ke5 Re1+ 94. Ne4 Re2 95. Rb7 Re1 96.
Rb2 Re3 97. Rc2 Rf3 98. Kd4 Rf4 99. Rc3 Rh4 100. Rc7 Kg2 101. Rf7 Rg4 102. Kd5
Kh2 103. Rc7 Rg6 104. Ke5 Rg4 105. Rd7 Kg1 106. Rd1+ Kh2 107. Rd2+ Rg2 108. Rd5
Re2 109. Rd3 Kh1 110. Rb3 Kg2 111. Rg3+ Kh1 112. Rd3 Kg2 113. Rd7 Kh1 114. Rg7
Re1 1/2-1/2

[Event "ICS rated blitz match"]
[Site "204.178.125.65"]
[Date "2000.05.05"]
[Round "?"]
[White "QueenMaxima"]
[Black "Hossa"]
[Result "0-1"]
[WhiteElo "2513"]
[BlackElo "2516"]
[PlyCount "111"]
[EventDate "2000.??.??"]

1. d4 d5 2. c4 e6 3. Nc3 Nf6 4. Nf3 Be7 5. Bg5 h6 6. Bh4 Nc6 7. e3 g5 8. Bg3
Bb4 9. Bd3 dxc4 10. Bxc4 Ne4 11. Qc2 Nxg3 12. hxg3 Bd7 13. O-O-O g4 14. Ne5
Nxe5 15. dxe5 Bxc3 16. Qxc3 Qg5 17. Qa5 b6 18. Qa6 Qxe5 19. Qb7 Rc8 20. Rd4 Qc5
21. Rhd1 Qc6 22. Qxc6 Bxc6 23. Ba6 Ra8 24. Bf1 Bd5 25. Rxg4 a5 26. e4 Bxa2 27.
Bb5+ Kf8 28. Bc6 Rc8 29. e5 Rg8 30. Rf4 Rg5 31. Rd7 Rf5 32. Rxf5 exf5 33. Bb7
Re8 34. f4 Re7 35. Rd1 Kg7 36. Rh1 c6 37. Bc8 Be6 38. Bxe6 Rxe6 39. Rh5 Rg6 40.
Rxf5 Rxg3 41. Rf6 Rxg2 42. Rxc6 Rf2 43. Rxb6 Rxf4 44. Rb7 Re4 45. Rb5 a4 46.
Kd2 h5 47. Kd3 Rh4 48. Kc3 Kh6 49. Rb6+ Kg5 50. Rb7 Rf4 51. Rb5 Kg4 52. Rb8 h4
53. Rh8 h3 54. Rg8+ Kh4 55. Rg1 h2 56. Rb1 {QueenMaxima resigns} 0-1

[Event "ICS rated blitz match"]
[Site "204.178.125.65"]
[Date "2000.05.05"]
[Round "?"]
[White "Hossa"]
[Black "QueenMaxima"]
[Result "0-1"]
[WhiteElo "2532"]
[BlackElo "2497"]
[PlyCount "160"]
[EventDate "2000.??.??"]

1. e4 c5 2. Nf3 d6 3. d4 cxd4 4. Nxd4 Nf6 5. Nc3 a6 6. Bg5 e6 7. f4 b5 8. e5
dxe5 9. fxe5 Qc7 10. exf6 Qe5+ 11. Be2 Qxg5 12. Qd3 Ra7 13. O-O Rd7 14. Ne4 Qe5
15. Rad1 Bb7 16. Qg3 Qxg3 17. Nxg3 Rxd4 18. Rxd4 Bc5 19. Rfd1 gxf6 20. Kf1 Bxd4
21. Rxd4 Bc6 22. c4 bxc4 23. Rxc4 Ke7 24. Rc1 Rd8 25. Bxa6 Rd2 26. Be2 Rxb2 27.
Ra1 f5 28. Re1 Nd7 29. a4 Kd8 30. a5 Ra2 31. a6 Nb8 32. Rc1 f4 33. a7 Rxa7 34.
Nh5 Ra4 35. Nf6 Ra2 36. Re1 e5 37. Nxh7 f5 38. Nf6 e4 39. Rc1 e3 40. Re1 Nd7
41. Nh5 f3 42. gxf3 Bxf3 43. Ng7 Be4 44. Rc1 Rb2 45. Ne6+ Ke7 46. Nf4 Kd6 47.
Rd1+ Kc6 48. h4 Ne5 49. h5 Nf7 50. Ne6 Nh6 51. Nd8+ Kb6 52. Ne6 Nf7 53. Ra1 Bb7
54. Nf4 Rb4 55. Nd3 Rh4 56. Ke1 Be4 57. Rb1+ Kc7 58. Rc1+ Kd6 59. Bf1 Rxh5 60.
Nf4 Rg5 61. Bc4 Ne5 62. Rd1+ Ke7 63. Bd5 Rg4 64. Bxe4 Rxf4 65. Bh1 Rf2 66. Rd5
Ke6 67. Rd8 f4 68. Be4 f3 69. Re8+ Kd6 70. Rd8+ Kc7 71. Rd1 Rh2 72. Rc1+ Kd8
73. Kd1 Rh1+ 74. Kc2 Rxc1+ 75. Kb2 e2 76. Kb3 e1=Q 77. Bc2 Qe3+ 78. Kb4 Rxc2
79. Ka4 Rb2 80. Ka5 Qa3# {Hossa checkmated} 0-1

[Event "ICS rated standard match"]
[Site "204.178.125.65"]
[Date "2000.05.05"]
[Round "?"]
[White "Hossa"]
[Black "Zec46"]
[Result "1-0"]
[WhiteElo "2378"]
[BlackElo "2059"]
[PlyCount "83"]
[EventDate "2000.??.??"]

1. e4 e6 2. d4 d5 3. Nc3 dxe4 4. Nxe4 Nc6 5. Nf3 b6 6. Bb5 Bb7 7. Ne5 Qd5 8.
Qe2 O-O-O 9. Bxc6 Bxc6 10. Nxf7 Qxe4 11. Qxe4 Bxe4 12. O-O Rd7 13. Nxh8 g6 14.
Re1 Bf5 15. d5 Bg7 16. g4 Bxg4 17. dxe6 Re7 18. Nf7 Bxe6 19. Ng5 Bf5 20. Rxe7
Nxe7 21. c3 h6 22. Nf3 Be4 23. Nd2 Bd5 24. f3 Nf5 25. Ne4 Nh4 26. Kf2 g5 27.
Be3 g4 28. Rg1 h5 29. Rd1 Bc6 30. Ng3 Nxf3 31. Nxh5 Be5 32. Bf4 Bh8 33. Kg3 Ne5
34. Bxe5 Bxe5+ 35. Kxg4 Bxh2 36. Re1 Kd7 37. Kg5 Bd6 38. c4 Bb4 39. Nf6+ Kd8
40. Re6 Bd2+ 41. Kg6 Bd7 42. Re4 {Zec46 resigns} 1-0

[Event "ICS rated blitz match"]
[Site "204.178.125.65"]
[Date "2000.05.05"]
[Round "?"]
[White "QueenMaxima"]
[Black "Hossa"]
[Result "0-1"]
[WhiteElo "2495"]
[BlackElo "2514"]
[PlyCount "192"]
[EventDate "2000.??.??"]

1. e4 e5 2. Nf3 Nc6 3. Bb5 a6 4. Ba4 Nf6 5. O-O Be7 6. Re1 b5 7. Bb3 d6 8. c3
O-O 9. h3 Na5 10. Bc2 c5 11. d4 Qc7 12. Nbd2 cxd4 13. cxd4 Nc6 14. Nb3 a5 15.
Be3 a4 16. Nbd2 Be6 17. a3 d5 18. exd5 Nxd5 19. dxe5 Nxe5 20. Bd4 Nxf3+ 21.
Nxf3 Rfd8 22. Be4 Ra6 23. Qd3 g6 24. Qxb5 Ra5 25. Qf1 Bd6 26. Rab1 Rf8 27. Rbc1
Qb8 28. Ng5 Bd7 29. Red1 Nf4 30. Bf6 Nh5 31. Qe1 Rb5 32. Bc6 Bxc6 33. Rxc6 Bh2+
34. Kh1 Nxf6 35. Nf3 Be5 36. Nxe5 Rxe5 37. Qf1 Ne4 38. Rc2 Qb3 39. Rdc1 Rd8 40.
Kh2 Nd2 41. Qd1 Qb8 42. Kg1 Red5 43. Qg4 Rd4 44. Qxd4 Rxd4 45. Rc8+ Rd8 46.
Rxb8 Rxb8 47. Rc2 Rd8 48. Rc7 Kg7 49. Ra7 Rd4 50. f3 Rc4 51. Kf2 Nb3 52. g3
Rc2+ 53. Ke3 Nc5 54. Rc7 h5 55. f4 Rc1 56. Ke2 Nb3 57. Rxc1 Nxc1+ 58. Kd2 Nb3+
59. Kc3 Nc5 60. Kb4 Ne4 61. Kxa4 Nxg3 62. b4 Kf6 63. b5 Ke6 64. b6 Kd6 65. Kb5
Ne2 66. Ka6 Nd4 67. a4 Nc6 68. Kb5 h4 69. a5 Nd4+ 70. Kc4 Ne2 71. Kb5 Kd7 72.
a6 Kc8 73. Kc6 Nd4+ 74. Kd5 Ne6 75. f5 gxf5 76. Kc6 Kb8 77. Kd5 f4 78. Ke4 f5+
79. Kf3 Ka8 80. a7 Kb7 81. Kg2 Ng5 82. Kf2 Nxh3+ 83. Kf3 Ng5+ 84. Kxf4 Ne4 85.
Kxf5 h3 86. Kxe4 h2 87. Ke3 h1=Q 88. Kd3 Kxb6 89. Ke3 Kxa7 90. Kd3 Qe1 91. Kd4
Kb6 92. Kd5 Qe3 93. Kd6 Qe4 94. Kd7 Qe5 95. Kd8 Kc6 96. Kc8 Qe8# 0-1

[Event "ICS rated blitz match"]
[Site "204.178.125.65"]
[Date "2000.05.05"]
[Round "?"]
[White "Hossa"]
[Black "chimichurri"]
[Result "1-0"]
[WhiteElo "2529"]
[BlackElo "2037"]
[PlyCount "55"]
[EventDate "2000.??.??"]

1. e4 c5 2. Nf3 d6 3. d4 cxd4 4. Nxd4 Nf6 5. Nc3 g6 6. Be3 Bg7 7. f3 O-O 8. Qd2
Nc6 9. Bc4 Bd7 10. O-O-O Rc8 11. Bb3 Ne5 12. h4 Nc4 13. Bxc4 Rxc4 14. h5 Qc7
15. hxg6 fxg6 16. Rh4 b5 17. Ndxb5 Bxb5 18. Nxb5 Qb7 19. b3 Qxb5 20. bxc4 Qa4
21. Rdh1 Qxa2 22. Qb4 Qa1+ 23. Kd2 Qe5 24. c5 Qg3 25. R4h2 dxc5 26. Qxc5 Rd8+
27. Ke2 Nxe4 28. Qc4+ {chimichurri resigns} 1-0

[Event "ICS rated blitz match"]
[Site "204.178.125.65"]
[Date "2000.05.05"]
[Round "?"]
[White "PostModernist"]
[Black "Hossa"]
[Result "1/2-1/2"]
[WhiteElo "2652"]
[BlackElo "2531"]
[PlyCount "192"]
[EventDate "2000.??.??"]

1. d4 d5 2. Nf3 Nf6 3. e3 e6 4. Bd3 c5 5. O-O c4 6. Be2 Nbd7 7. b3 cxb3 8. axb3
Be7 9. Qd3 Ne4 10. Nbd2 f5 11. Ra2 Bb4 12. Bb2 O-O 13. Rfa1 a5 14. c3 Bd6 15.
Ba3 Bxa3 16. Rxa3 b6 17. Qc2 Qc7 18. Nxe4 fxe4 19. Ng5 Nf6 20. b4 Bd7 21. c4 a4
22. Rc3 Rac8 23. c5 h6 24. Nh3 bxc5 25. Rxc5 Qb6 26. b5 e5 27. Rxc8 Rxc8 28.
Qxa4 exd4 29. Qxd4 Qxd4 30. exd4 Rc2 31. Bf1 Rb2 32. Ra8+ Kf7 33. Rb8 Bxh3 34.
gxh3 Rd2 35. Rb7+ Kg6 36. b6 Rxd4 37. Re7 Rb4 38. b7 Nh5 39. Rc7 Nf4 40. h4 Rb1
41. Re7 Kf6 42. Rd7 g6 43. h5 gxh5 44. h4 Kf5 45. Kh2 Rb2 46. Kg3 Rb3+ 47. Kh2
Ke6 48. Rh7 Rb2 49. Kg3 Ke5 50. Re7+ Kd6 51. Re8 Rb3+ 52. f3 Rxb7 53. fxe4 Rf7
54. exd5 Nxd5 55. Be2 Rg7+ 56. Kh2 Nf4 57. Bf3 Rf7 58. Kg3 Rf5 59. Rh8 Rf6 60.
Rc8 Ke5 61. Re8+ Re6 62. Rxe6+ Nxe6 63. Bxh5 Nd4 64. Kg4 Ne2 65. Bg6 Kf6 66.
Kh5 Kg7 67. Bb1 Nc3 68. Bd3 Nd1 69. Be4 Ne3 70. Bf3 Nc4 71. Kg4 Ne5+ 72. Kf4
Kf6 73. Be4 Ke6 74. h5 Nc4 75. Bc2 Nd6 76. Bb3+ Kd7 77. Ke5 Kc6 78. Bc2 Nc4+
79. Kd4 Nd6 80. Ba4+ Kb6 81. Ke5 Kc5 82. Bd7 Nc4+ 83. Kf6 Nb6 84. Be6 Nd5+ 85.
Bxd5 Kxd5 86. Kg7 Ke5 87. Kxh6 Kf6 88. Kh7 Kf7 89. h6 Kf8 90. Kg6 Kg8 91. Kf5
Kh7 92. Kg5 Kh8 93. Kh4 Kh7 94. Kh5 Kh8 95. h7 Kg7 96. h8=Q+ Kxh8 1/2-1/2

[Event "ICS rated blitz match"]
[Site "204.178.125.65"]
[Date "2000.05.05"]
[Round "?"]
[White "Hossa"]
[Black "QueenMaxima"]
[Result "1-0"]
[WhiteElo "2536"]
[BlackElo "2489"]
[PlyCount "83"]
[EventDate "2000.??.??"]

1. e4 c5 2. Nf3 d6 3. d4 cxd4 4. Nxd4 Nf6 5. Nc3 a6 6. Bg5 e6 7. f4 Be7 8. Qf3
Qc7 9. O-O-O Nbd7 10. g4 b5 11. Bxf6 Nxf6 12. g5 Nd7 13. f5 Nc5 14. f6 gxf6 15.
gxf6 Bf8 16. Rg1 Bd7 17. Rg7 b4 18. Nd5 exd5 19. exd5 O-O-O 20. Rxf7 Qa5 21.
Kb1 Qa4 22. Ne6 Re8 23. Bh3 Rd8 24. Nxd8 Kxd8 25. Bxd7 Nxd7 26. Qe3 Qb5 27. Re1
Ne5 28. Ra7 Qb8 29. Rxa6 Rg8 30. Ra7 h5 31. Rh7 Rg6 32. Rxh5 Qc7 33. Qf2 Qf7
34. Qb6+ Kc8 35. Rh4 Qc7 36. Qa6+ Qb7 37. Qxb7+ Kxb7 38. Rxb4+ Kc8 39. Rf4 Rg2
40. h4 Rd2 41. a4 Kd7 42. a5 {QueenMaxima resigns} 1-0

[Event "ICS rated blitz match"]
[Site "204.178.125.65"]
[Date "2000.05.05"]
[Round "?"]
[White "Beadle"]
[Black "Hossa"]
[Result "1-0"]
[WhiteElo "2607"]
[BlackElo "2550"]
[PlyCount "97"]
[EventDate "2000.??.??"]

1. d4 Nf6 2. Nf3 g6 3. c4 Bg7 4. g3 O-O 5. Bg2 d5 6. O-O dxc4 7. Na3 Nc6 8.
Nxc4 Be6 9. Nce5 Nxe5 10. Nxe5 Bd5 11. Bxd5 Qxd5 12. Bf4 Nh5 13. Rc1 Nxf4 14.
gxf4 Rfc8 15. Qa4 Bxe5 16. dxe5 Qe6 17. Rfd1 Qg4+ 18. Kf1 Qh5 19. Qd7 Qxh2 20.
e3 c6 21. Qxe7 Rf8 22. Qg5 Qh3+ 23. Ke1 Rfe8 24. Rc4 Qh1+ 25. Ke2 Qh2 26. Rd7
Qh3 27. Rxb7 Qc8 28. Rcb4 Qe6 29. b3 Qd5 30. Rd4 Qa5 31. Rdd7 Qxa2+ 32. Kf3 Rf8
33. e6 Qb1 34. exf7+ Kg7 35. Qe5+ Kh6 36. Kg2 a5 37. Qe8 Qf5 38. Qxa8 Qg4+ 39.
Kf1 Qd1+ 40. Rxd1 Rxa8 41. f8=Q+ Rxf8 42. Kg2 Rf5 43. Rdd7 Rxf4 44. exf4 g5 45.
Kf3 Kh5 46. f5 g4+ 47. Kf4 h6 48. Rd1 c5 49. Rh1# {Hossa checkmated} 1-0

[Event "ICS rated blitz match"]
[Site "204.178.125.65"]
[Date "2000.05.05"]
[Round "?"]
[White "Hossa"]
[Black "PostModernist"]
[Result "0-1"]
[WhiteElo "2537"]
[BlackElo "2645"]
[PlyCount "132"]
[EventDate "2000.??.??"]

1. e4 c5 2. Nf3 d6 3. d4 Nf6 4. Nc3 cxd4 5. Nxd4 e6 6. g4 e5 7. Bb5+ Bd7 8.
Bxd7+ Qxd7 9. Nf5 h5 10. gxh5 Nxe4 11. Nxg7+ Bxg7 12. Nxe4 d5 13. h6 dxe4 14.
hxg7 Qxd1+ 15. Kxd1 Rg8 16. Rg1 Nc6 17. Be3 Ne7 18. h4 Nf5 19. h5 Rxg7 20. Ke2
Rxg1 21. Rxg1 Ke7 22. Rh1 Kf6 23. c3 a6 24. a3 Rh8 25. Bd2 b5 26. b3 Rc8 27.
Ke1 Rh8 28. Rh3 Ke6 29. Ke2 f6 30. Ke1 Kf7 31. a4 Rc8 32. Ke2 Rd8 33. a5 Rd7
34. Rh1 Rd8 35. h6 Kg6 36. Be3 Rd7 37. Rh2 Rh7 38. Rg2+ Kh5 39. Rg8 Nxe3 40.
Kxe3 f5 41. Rf8 Kg5 42. c4 bxc4 43. bxc4 Rxh6 44. Rg8+ Rg6 45. Rxg6+ Kxg6 46.
Kd2 Kf7 47. Kc1 Ke6 48. Kc2 Kd6 49. Kc3 Kc5 50. Kb3 Kd4 51. c5 Kxc5 52. Kc3 f4
53. Kc2 Kd4 54. Kc1 Kd3 55. Kb2 e3 56. fxe3 fxe3 57. Kb3 e2 58. Kb4 Kd4 59. Kb3
e1=Q 60. Kc2 Qxa5 61. Kb2 Qb4+ 62. Kc2 Ke3 63. Kc1 Qd2+ 64. Kb1 Kd3 65. Ka1 Kc3
66. Kb1 Qb2# {Hossa checkmated} 0-1

[Event "ICS rated blitz match"]
[Site "204.178.125.65"]
[Date "2000.05.05"]
[Round "?"]
[White "IZZYLISTED"]
[Black "Hossa"]
[Result "0-1"]
[WhiteElo "2042"]
[BlackElo "2526"]
[PlyCount "33"]
[EventDate "2000.??.??"]

1. e4 e5 2. Nf3 Nc6 3. Nc3 g6 4. d4 exd4 5. Nxd4 Nf6 6. Nxc6 bxc6 7. e5 Qe7 8.
Be2 Qxe5 9. O-O Bg7 10. Re1 O-O 11. a4 Re8 12. Bd2 Qd4 13. Bf3 Ba6 14. Ra3
Rxe1+ 15. Bxe1 Re8 16. Bd2 Bh6 17. Be3 {IZZYLISTED resigns} 0-1

[Event "ICS rated blitz match"]
[Site "204.178.125.65"]
[Date "2000.05.05"]
[Round "?"]
[White "Hossa"]
[Black "IZZYLISTED"]
[Result "1-0"]
[WhiteElo "2528"]
[BlackElo "2040"]
[PlyCount "129"]
[EventDate "2000.??.??"]

1. e4 c5 2. Nf3 Nf6 3. e5 Nd5 4. Nc3 e6 5. Nxd5 exd5 6. d4 Nc6 7. dxc5 Bxc5 8.
Qxd5 d6 9. exd6 Qb6 10. Bc4 Bxf2+ 11. Ke2 O-O 12. Rf1 Be6 13. Qb5 Bc5 14. Bd3
Bxd6 15. Qxb6 axb6 16. Ng5 Bg4+ 17. Kf2 h6 18. Ne4 Be5 19. h3 Be6 20. a3 Nb4
21. Ke2 Nxd3 22. cxd3 Rfe8 23. Ke3 Rad8 24. g4 Bb3 25. Kd2 Bc4 26. Rf3 Bd5 27.
Kc2 Rc8+ 28. Kd2 Red8 29. Ke3 g5 30. Nf6+ Kg7 31. Nxd5 Rxd5 32. Kd2 Rdc5 33.
Kd1 Rc2 34. Rb1 Rh2 35. Bd2 Bf4 36. Bc3+ Kh7 37. d4 Re8 38. d5 Ree2 39. b4 Reg2
40. Be1 Bd2 41. Rb2 Bxe1 42. Rxg2 Rxg2 43. Kxe1 Rc2 44. Rxf7+ Kg6 45. Rxb7 Rc8
46. Rxb6+ Kf7 47. a4 Rd8 48. Kd2 Rxd5+ 49. Kc3 Re5 50. Rxh6 Re3+ 51. Kc4 Re1
52. Kd5 Rc1 53. Rc6 Ra1 54. Ra6 Rc1 55. Ke5 Rc4 56. Kf5 Rxb4 57. Kxg5 Rc4 58.
h4 Rc5+ 59. Kh6 Kf8 60. g5 Rc4 61. h5 Kg8 62. Ra8+ Kf7 63. g6+ Ke6 64. g7 Ke5
65. g8=Q {IZZYLISTED resigns} 1-0

[Event "ICS rated blitz match"]
[Site "204.178.125.65"]
[Date "2000.05.05"]
[Round "?"]
[White "IZZYLISTED"]
[Black "Hossa"]
[Result "0-1"]
[WhiteElo "2038"]
[BlackElo "2530"]
[PlyCount "39"]
[EventDate "2000.??.??"]

1. e4 e5 2. Nf3 Nc6 3. Bb5 a6 4. Ba4 Nf6 5. O-O Be7 6. Bxc6 dxc6 7. Nc3 Bg4 8.
h3 Bxf3 9. Qxf3 O-O 10. d3 Qd7 11. Nd1 Rfd8 12. Ne3 b6 13. Nf5 Ne8 14. Kh1 Nd6
15. g4 Nxf5 16. gxf5 Bf6 17. Rg1 c5 18. b3 Qd4 19. Bh6 Kh8 20. Bg5 {
IZZYLISTED resigns} 0-1